|
|
|
|
| LEADER |
00000cam a2200000 i 4500 |
| 001 |
1/90939 |
| 008 |
080711s1974 gre d |
| 035 |
|
|
|l 10098922
|
| 040 |
|
|
|a GR-MY-UA
|b gre
|e aacr
|
| 041 |
0 |
|
|a gre
|
| 082 |
0 |
|
|a 523.1
|2 (22)
|
| 100 |
1 |
|
|a Κωτσάκης, Δημήτριος Δ.
|
| 245 |
1 |
3 |
|a Το αστρονομικόν σύμπαν :
|b (δημιουργία ή τύχη;) /
|c Δημητρίου Δ. Κωτσάκη
|
| 260 |
|
|
|a Αθήναι :
|b [χ.ό.],
|c 1974
|
| 300 |
|
|
|a 86 σ.;
|c 21 εκ.
|
| 504 |
|
|
|a Βιβλιογραφία: σ. 85-86. Ευρετήριο
|
| 650 |
0 |
0 |
|a Cosmology.
|
| 650 |
0 |
0 |
|a Astronomy.
|
| 650 |
0 |
0 |
|a Cosmography.
|
| 852 |
|
|
|a INST
|b RHODES
|c AKA
|e 20080711
|h 523.1 ΚΩΤ
|p 005400027721
|q 005400027721
|t BK
|y 0
|
| 901 |
|
|
|a BIBL4-2008-2
|
| 909 |
|
|
|a Ρ
|b 150806
|
| 970 |
|
|
|a ΚΟΖΑ
|b ΜΑΡΙΑ
|z 2008/07/11
|